LEADER 01160nam a2200289 i 4500 001 991001831689707536 005 20020502205340.0 008 940512s1972 ||| ||| | ||| 035 $ab10917780-39ule_inst 035 $aLE02378014$9ExL 040 $aDip.to Studi Storici$bita 082 0 $a330.1 082 0 $a336 100 1 $aMacanaz, Melchor de$0537823 245 10$aTestamento politico. Pedimento fiscal /$cMelchor de Macanaz ; noticia biografica por D.Joquin Maldonado Macanaz, edicion y notas por F.Maldonado de Guevara 260 $aMadrid :$bEdiciones del Instituto de Estudios Politicos,$c1972 300 $a241 p. ;$c21 cm. 490 0 $aColleccion Historia Politica 650 4$aEconomia politica - Spagna$xTeorie 650 4$aPolitica fiscale - Finanza pubblica 700 1 $aMaldonado Macanaz, Joaquin 907 $a.b10917780$b23-02-17$c28-06-02 912 $a991001831689707536 945 $aLE023 330.1 MAC 1 1$g1$i2023000008386$lle023$o-$pE0.00$q-$rl$s- $t0$u0$v0$w0$x0$y.i11021937$z28-06-02 996 $aTestamento politico. Pedimento fiscal$9920464 997 $aUNISALENTO 998 $ale023$b01-01-94$cm$da $e-$feng$gxx $h0$i1